000 00960nam a2200289Ia 4500
001 92860
003 IT-RoPAU
008 130308s9999 xx 000 0 und d
040 _aIT-RoPAU
040 _cIT-RoPAU
041 _aPORTOGHESE
100 _aCaliman Cleto
100 _gCodice Aut. SPICS: 32627
245 _aLeigos e a evangelizacao (Os): visao eclesiologica do sinodo
245 _bAmerica Latina: 500 Anos de Evangelizacao-Reflexoes Teologico-Pastorais
250 _a1a ed.
260 _aSAO PAULO
260 _bEdicoes Paulinas
260 _c1990 [1° Ed.:1990 - Ed.Ling.Originale:1990]
300 _a"17 p. (prefazione: no ; testo: 17 [pagine: 82-98])"
500 _aLaici ed Evangelizzazione Visione Ecclesiologica del Sinodo Ecclesiologia di comunione poveri Come soggetti di Comunione
650 _aSAGGI TEOLOGIA COMUNICAZIONE SOCIALE
650 _eCodice materia Spics: 9211
942 _cBK
957 _71
999 _c86989
_d86989
999 _g1